000 00414cam a22001571 4500
001 8412731
005 20250628103901.0
008 730823s1958 xx 000 0 eng
050 0 0 _aBS491
_b.H32
082 _a220.7
100 1 _aHastings, James,
_d1852-1922,
_eed.
245 1 4 _aThe great texts of the Bible.
260 _aGrand Rapids,
_bEerdmans
_c[1958-
300 _a20 v., index,
_c23 cm.
942 _2lcc
_cBK
_n0
999 _c6754
_d6754